Statistics for Super Rugby Logos

Click here to take the quiz!

General Stats

  • This quiz has been taken 39 times
  • The average score is 10 of 12

Answer Stats

Answer% Correct
Chiefs
100%
Hurricanes
100%
Blues
97%
Crusaders
93%
Reds
93%
Brumbies
90%
Highlanders
90%
Fijian Drua
83%
Melbourne Rebels
76%
NSW Waratahs
76%
Moana Pasifika
66%
Western Force
66%

Score Distribution

Percentile by Number Answered

Percent of People with Each Score

Your Score History

You have not taken this quiz